Funko Fusion Franchises - Statistics

General Stats
  • This quiz has been taken 27 times
  • The average score is 15 of 22
Answer Stats
Characters Franchise % Correct
Doc Brown, Marty McFly Back to the Future
100%
Chucky Child's Play
95%
Foxy the Pirate, Freddy Fazbear Five Nights At Freddy's
95%
Mark Grayson, Omni-Man Invincible
89%
Colonel Sanders KFC
89%
Megaman Megaman
89%
He-Man, Skeletor Masters of the Universe
84%
Claire Dearing, Owen Grady Jurassic World
79%
Ramona Flowers, Scott Pilgrim Scott Pilgrim vs the World
79%
Voltron Voltron: Legendary Defender
79%
Michonne, Rick Grimes The Walking Dead
74%
Heavy, Medic Team Fortress 2
68%
Ed, Shaun Shaun of the Dead
58%
Childs, Macready The Thing
58%
Allison, Number Five The Umbrella Academy
58%
Xena Xena: Warrior Princess
58%
Chief Brody, Quint Jaws
47%
Michael Knight Knight Rider
47%
Athena, Starbuck Battlestar Galactica
32%
Danny Butterman, Nicholas Angel Hot Fuzz
32%
Emerald Haywood, OJ Haywood Nope
26%
Evelyn Carnahan, Rick O'Connell The Mummy
21%
No matching quizzes found
Score Distribution
Percent of People with Each Score
Percentile by Number Answered
Your Score History
You have not taken this quiz